|
|
|
|
| LEADER |
00000nas a2200000 i 4500 |
| 001 |
ssj0001053372 |
| 003 |
WaSeSS |
| 005 |
20200512172242.0 |
| 006 |
m d |
| 007 |
cr n |
| 008 |
130827c20139999vramr p s 0 0eng c |
| 010 |
|
|
|a 2014243005
|
| 016 |
7 |
|
|a 101619146
|2 DNLM
|
| 016 |
7 |
|
|a 016496401
|2 Uk
|
| 022 |
|
|
|l 2202-7114
|y 2202-7114
|
| 035 |
|
|
|a (WaSeSS)ssj0001053372
|
| 037 |
|
|
|b Level 1, 365 Queen St, Melbourne Vic 3000 ; ph 03 9602 8500 ; email anmj@anmf.org.au
|
| 040 |
|
|
|a AU@
|b eng
|c AU@
|d NLM
|d OCLCO
|d OCLCQ
|d STF
|d OCLCO
|d OCLCF
|d CUS
|d OCLCQ
|d OCLCO
|d RDF
|d OCLCQ
|d OCLCO
|d OCLCA
|d CUS
|d UKMGB
|d OCLCA
|d NLM
|d WaSeSS
|
| 042 |
|
|
|a pcc
|
| 043 |
|
|
|a u-at---
|
| 050 |
1 |
4 |
|a RT1
|
| 060 |
0 |
0 |
|a W1
|b AU643BJ
|
| 210 |
1 |
0 |
|a Aust Nurs Midwifery J
|2 dnlm
|
| 222 |
|
0 |
|a Australian nursing & midwifery journal
|
| 245 |
0 |
0 |
|a Australian nursing & midwifery journal
|h [electronic resource].
|
| 246 |
1 |
|
|a Australian nursing and midwifery journal
|
| 246 |
1 |
|
|a ANMJ
|
| 260 |
|
|
|a Melbourne :
|b Australian Nursing & Midwifery Federation,
|c 2013-
|
| 310 |
|
|
|a Quarterly,
|b 2018-
|
| 321 |
|
|
|a Monthly,
|b -2017
|
| 362 |
1 |
|
|a Began with vol. 21, no. 3 (Sept. 2013).
|
| 506 |
|
|
|a License restrictions may limit access.
|
| 588 |
|
|
|a Description based on: Volume 21, no. 4 (October 2013); title from cover.
|
| 588 |
|
|
|a Latest issue consulted: Volume 21, no. 4 (October 2013).
|
| 650 |
|
0 |
|a Nursing
|z Australia
|v Periodicals.
|
| 650 |
|
0 |
|a Midwifery
|z Australia
|v Periodicals.
|
| 650 |
1 |
2 |
|a Nursing Care.
|
| 650 |
1 |
2 |
|a Midwifery.
|
| 650 |
|
7 |
|a Midwifery.
|2 fast
|0 (OCoLC)fst01020613
|
| 650 |
|
7 |
|a Nursing.
|2 fast
|0 (OCoLC)fst01041731
|
| 651 |
|
2 |
|a Australia.
|
| 651 |
|
7 |
|a Australia.
|2 fast
|0 (OCoLC)fst01204543
|
| 653 |
|
|
|a Australian
|
| 655 |
|
0 |
|a Electronic journals.
|
| 710 |
2 |
|
|a Australian Nursing & Midwifery Federation.
|
| 776 |
0 |
8 |
|i Print version:
|t Australian nursing & midwifery journal
|x 2202-7114
|w (DLC) 2014243005
|w (OCoLC)871337185
|
| 780 |
0 |
0 |
|t Australian nursing journal
|x 1320-3185
|w (OCoLC)29369396
|w (DLC)sn 93038573
|w (DNLM)9317904
|
| 856 |
4 |
0 |
|z Full text available from Research Library: 2013 to present
|u https://search.proquest.com/publication/33490
|